000 00577nam a2200181 i 4500
001 35932
003 ES-MaACL
005 20230906155241.0
007 t|
008 030214s1966 sp ||||1| spa d
100 1 _aBroedner, Ernst.
_931864
245 1 3 _aLa dirección de la empresa /
_cErnst Broedner ; traducción Benjamín Costa ; revisión Andrés Lozano Gapazo.
260 _a[Barcelona] :
_bSagitario,
_c[1966]
300 _a167 p. ;
_c22 cm.
700 1 _aCosta, Benjamín.
_941043
700 1 _aLozano Gapazo, Andrés.
_974442
852 _aES-MaACL
_jC-30276
_bR.60855
999 _c35932
_d35932